ロード中...
Beginning ASP.NET 4.5 in C# and VB
| 第一著者: | |
|---|---|
| フォーマット: | Printed Book |
| 出版事項: |
Wiley India
2013
|
| 版: | 1st Ed. |
| LEADER | 00438nam a2200133 4500 | ||
|---|---|---|---|
| 082 | |a 005.72ASP | ||
| 100 | |a Imar Spaanjaars | ||
| 245 | |a Beginning ASP.NET 4.5 in C# and VB |c Imar Spaanjaars |h [Text] | ||
| 250 | |a 1st Ed. | ||
| 260 | |b Wiley India |c 2013 | ||
| 300 | |a Paper back | ||
| 942 | |c BK | ||
| 999 | |c 84400 |d 84400 | ||
| 952 | |0 0 |1 0 |4 0 |6 005_000000000000000_72ASP |7 0 |9 76674 |a SOCS |b SOCS |d 2015-06-11 |g 599.00 |l 0 |o 005.72ASP |p SOCS3760 |r 2015-06-11 |w 2015-06-11 |y BK | ||